000 00681cam a22002533a 4500
001 10582
003 PGUSA
005 20140828083226.0
008 040101s2004||||xxu|||||s|||||000 | eng d
040 _aPGUSA
_beng
042 _adc
050 4 _aTX
100 1 _aBradley, Alice,
_d1875-1946
245 1 0 _aFor Luncheon and Supper Guests
_h[electronic resource] /
_cAlice Bradley
260 _bProject Gutenberg,
_c2004
506 _aPublic domain in the USA.
516 _aElectronic text
653 _aCooking, American
653 _aMenus
653 _aLuncheons
830 0 _aProject Gutenberg
_v10582
856 4 0 _uhttp://www.gutenberg.org/ebooks/10582
942 _cEB
999 _c239837
_d239837